| 000 | 00760nam a2200241Ia 4500 | ||
|---|---|---|---|
| 003 | OSt | ||
| 005 | 20220926014826.0 | ||
| 006 | a|||||r|||| 00| 0 | ||
| 007 | ta | ||
| 008 | 220923b |||||||| |||| 00| 0 eng d | ||
| 037 | _cGeneral Book | ||
| 040 |
_aRTL _cRTL _beng |
||
| 041 |
_2eng _aeng |
||
| 082 | _aU:(G:55).730m41.N7, M1 | ||
| 100 |
_aMa Laurence J C Ed. _9244945 |
||
| 245 | 0 |
_aEnvironment _bChinese and American views |
|
| 260 |
_aNew York _bMethuen U S A _c1981 |
||
| 300 |
_aviii,397p. Bib chapterwise _ccm. |
||
| 650 |
_aGeography- Environment _9229896 |
||
| 700 |
_a Noble Allen G Ed. _9321162 |
||
| 942 |
_hU:(G:55).730m41.N7, M1 _cGB _2CC |
||
| 999 |
_c629927 _d629927 |
||